<?xml version="1.0" encoding="UTF-8"?><?xml-stylesheet type="text/xsl" href="static/style.xsl"?><OAI-PMH xmlns="http://www.openarchives.org/OAI/2.0/" xmlns:xsi="http://www.w3.org/2001/XMLSchema-instance" xsi:schemaLocation="http://www.openarchives.org/OAI/2.0/ http://www.openarchives.org/OAI/2.0/OAI-PMH.xsd"><responseDate>2026-06-06T04:58:56Z</responseDate><request verb="GetRecord" identifier="oai:riuma.uma.es:10630/28312" metadataPrefix="marc">https://riuma.uma.es/rest/oai/request</request><GetRecord><record><header><identifier>oai:riuma.uma.es:10630/28312</identifier><datestamp>2026-02-03T11:19:03Z</datestamp><setSpec>com_10630_2254</setSpec><setSpec>col_10630_37953</setSpec></header><metadata><record xmlns="http://www.loc.gov/MARC21/slim" xmlns:dcterms="http://purl.org/dc/terms/" xmlns:doc="http://www.lyncode.com/xoai" xmlns:xsi="http://www.w3.org/2001/XMLSchema-instance" xsi:schemaLocation="http://www.loc.gov/MARC21/slim http://www.loc.gov/standards/marcxml/schema/MARC21slim.xsd">
   <leader>00925njm 22002777a 4500</leader>
   <datafield ind2=" " ind1=" " tag="042">
      <subfield code="a">dc</subfield>
   </datafield>
   <datafield ind2=" " ind1=" " tag="720">
      <subfield code="a">Shirani, Shiva</subfield>
      <subfield code="e">author</subfield>
   </datafield>
   <datafield ind2=" " ind1=" " tag="720">
      <subfield code="a">Cuesta-García, Ana María</subfield>
      <subfield code="e">author</subfield>
   </datafield>
   <datafield ind2=" " ind1=" " tag="720">
      <subfield code="a">Gómez-de-la-Torre, María de los  Ángeles</subfield>
      <subfield code="e">author</subfield>
   </datafield>
   <datafield ind2=" " ind1=" " tag="720">
      <subfield code="a">Santacruz-Cruz, María Isabel</subfield>
      <subfield code="e">author</subfield>
   </datafield>
   <datafield ind2=" " ind1=" " tag="720">
      <subfield code="a">Koufany, Imane</subfield>
      <subfield code="e">author</subfield>
   </datafield>
   <datafield ind2=" " ind1=" " tag="720">
      <subfield code="a">Redondo-Soto, Cinthya</subfield>
      <subfield code="e">author</subfield>
   </datafield>
   <datafield ind2=" " ind1=" " tag="720">
      <subfield code="a">Salcedo, Inés R.</subfield>
      <subfield code="e">author</subfield>
   </datafield>
   <datafield ind2=" " ind1=" " tag="720">
      <subfield code="a">León-Reina, Laura</subfield>
      <subfield code="e">author</subfield>
   </datafield>
   <datafield ind2=" " ind1=" " tag="720">
      <subfield code="a">García-Aranda, Miguel Ángel</subfield>
      <subfield code="e">author</subfield>
   </datafield>
   <datafield ind2=" " ind1=" " tag="260">
      <subfield code="c">2023-11-14</subfield>
   </datafield>
   <datafield ind2=" " ind1=" " tag="520">
      <subfield code="a">It is reported an innovative methodology based on in situ MoKα1 laboratory X-ray powder diffraction (LXRPD)&#xd;
and microtomography (μCT) avoiding any sample conditioning. The pastes are injected in 2.0 mm capillaries and&#xd;
the extremes are just sealed. The measurements take place in the same region of the hydrating paste. Thick&#xd;
capillaries are key to avoiding self-desiccation, which dictates the need of high-energy X-ray radiation for the&#xd;
diffraction study. This approach has been tested with a PC 42.5 R paste having w/c = 0.50. μCT data were&#xd;
collected at 12 h and 1, 3, 7 and 79 days. LXRPD data were acquired at 1, 3, 7 and 77 days. In this proof-ofprinciple&#xd;
research, the same paste was also cured ex situ. Portlandite contents obtained by thermal analysis,&#xd;
ex situ powder diffraction, in situ mass balance calculation and in situ powder diffraction were 13.8, 13.1, 13.1&#xd;
and 12.5 wt%, respectively. From the μCT study, the grey value histogram evolution with time showed a crossing&#xd;
point which allowed us to distinguish (appearing) hydrated products from (dissolving) unhydrated cement&#xd;
particles. Segmentations were carried out by global thresholding and the random forest approach (one type of&#xd;
supervised Machine Learning). The comparison of the segmented results for the unhydrated cement fraction and&#xd;
the Rietveld quantitative phase analysis outputs gave an agreement of 2 %. The potential of this methodology to&#xd;
deal with more complex binders is also presented.</subfield>
   </datafield>
   <datafield ind1="8" ind2=" " tag="024">
      <subfield code="a">S. Shirani, A. Cuesta, A.G. De la Torre, I. Santacruz, A. Morales-Cantero, I. Koufany, C. Redondo-Soto, I.R. Salcedo, L. León-Reina, M.A.G. Aranda, Mix and measure - Combining in situ X-ray powder diffraction and microtomography for accurate hydrating cement studies, Cement and Concrete Research, Volume 175, 2024, 107370, ISSN 0008-8846, https://doi.org/10.1016/j.cemconres.2023.107370</subfield>
   </datafield>
   <datafield ind1="8" ind2=" " tag="024">
      <subfield code="a">https://hdl.handle.net/10630/28312</subfield>
   </datafield>
   <datafield ind1="8" ind2=" " tag="024">
      <subfield code="a">10.1016/j.cemconres.2023.107370</subfield>
   </datafield>
   <datafield tag="653" ind2=" " ind1=" ">
      <subfield code="a">Cemento Portland</subfield>
   </datafield>
   <datafield tag="653" ind2=" " ind1=" ">
      <subfield code="a">Rayos X - Difracción</subfield>
   </datafield>
   <datafield tag="653" ind2=" " ind1=" ">
      <subfield code="a">Sistemas de imágenes</subfield>
   </datafield>
   <datafield ind2="0" ind1="0" tag="245">
      <subfield code="a">Mix and measure - Combining in situ X-ray powder diffraction and microtomography for accurate hydrating cement studies.</subfield>
   </datafield>
</record>
</metadata></record></GetRecord></OAI-PMH>